Report of the Congress Agrarian Reforms Committee (Record no. 1438168)

MARC details
000 -LEADER
fixed length control field 00543nam a2200193Ia 4500
005 - DATE AND TIME OF LATEST TRANSACTION
control field 20250923144401.0
008 - FIXED-LENGTH DATA ELEMENTS--GENERAL INFORMATION
fixed length control field 008 250917s9999 xx 000 0 eng d
037 ## - SOURCE OF ACQUISITION
Stock number Reports
040 ## - CATALOGING SOURCE
Original cataloging agency DSWL
Language of cataloging eng
Transcribing agency DSWL
041 ## - LANGUAGE CODE
Language code of text/sound track or separate title eng
Source of code eng
084 ## - COLON CLASSIFICATION NUMBER
Classification number X8(J).2'N48t, N49
Assigning agency DSWL
245 #0 - TITLE STATEMENT
Title Report of the Congress Agrarian Reforms Committee
260 ## - PUBLICATION, DISTRIBUTION, ETC.
Place of publication, distribution, etc. New Delhi
Name of publisher, distributor, etc. ALL INDIA CONGRESS COMMITTEE
Date of publication, distribution, etc. 1949
300 ## - PHYSICAL DESCRIPTION
Extent 206p.
365 ## - TRADE PRICE
Price type code INR
Price amount 5
925 ## -
-- 5
942 ## - ADDED ENTRY ELEMENTS (KOHA)
Koha item type Reports
Classification part X8(J).2'N48t, N49
Holdings
Withdrawn status Lost status Damaged status Not for loan Home library Current library Date acquired Total Checkouts Full call number Barcode Date last seen Price effective from Koha item type
        Department of Social Work Library Department of Social Work Library 2025-09-23   X8(J).2'N48t, N49 SW0002077 2025-09-23 2025-09-23 Reports
Copyright @ Delhi University Library System